[Event "Main Vogelsberg op 8th"]
[Site "Hanau"]
[Date "2013.05.31"]
[Round "3"]
[White "Schloessner, Henrik"]
[Black "Czech, Ludwig"]
[Result "1/2-1/2"]
[WhiteElo "1951"]
[BlackElo "1979"]
[PlyCount "71"]
[EventDate "2013.05.30"]
[EventType "swiss"]
[EventRounds "7"]
[EventCountry "GER"]
[SourceTitle "EXT 2014"]
[Source "ChessBase"]
[SourceDate "2013.11.20"]
[SourceVersion "1"]
[SourceVersionDate "2013.11.20"]
[SourceQuality "1"]

1. e4 e6 2. d4 d5 3. e5 c5 4. c3 Qb6 5. Nf3 Bd7 6. a3 c4 7. Qc2 Nc6 8. Be3 Na5 9. Nbd2 Ne7 10. Be2 Nf5 11. 0-0 Be7 12. Bg5 Bxg5 13. Nxg5 h6 14. Ngf3 Ne7 15. Rfb1 Nb3 16. Nxb3 Ba4 17. Nfd2 Nc6 18. Qc1 Bxb3 19. Nxb3 Qxb3 20. Bd1 Qb6 21. b3 cxb3 22. Bxb3 Qc7 23. Ba4 0-0 24. Qe3 f5 25. Ra2 Na5 26. Bb5 Rac8 27. Rc2 Qe7 28. Rb4 Rc7 29. Ra4 b6 30. Ba6 Kh7 31. Rb4 Nc6 32. Rb3 Na5 33. Rb4 Nc6 34. Rb3 Na5 35. Rb4 Nc6 36. Rb3 1/2-1/2

[Event "Main Vogelsberg op 8th"]
[Site "Hanau"]
[Date "2013.05.30"]
[Round "2"]
[White "Czech, Ludwig"]
[Black "Koellner, Ulrich"]
[Result "1/2-1/2"]
[WhiteElo "1979"]
[BlackElo "1750"]
[PlyCount "47"]
[EventDate "2013.05.30"]
[EventType "swiss"]
[EventRounds "7"]
[EventCountry "GER"]
[SourceTitle "EXT 2014"]
[Source "ChessBase"]
[SourceDate "2013.11.20"]
[SourceVersion "1"]
[SourceVersionDate "2013.11.20"]
[SourceQuality "1"]

1. c4 Nf6 2. g3 g6 3. Bg2 Bg7 4. Nc3 0-0 5. e4 e5 6. Nge2 d6 7. 0-0 Be6 8. d3 Qd7 9. f4 Nc6 10. Nd5 Ng4 11. h3 Nh6 12. fxe5 Bxd5 13. cxd5 Nxe5 14. d4 Nc4 15. b3 Nb6 16. Be3 Kh8 17. Rc1 Rae8 18. Qc2 Ng8 19. Qd3 Qe7 20. Nc3 f5 21. Rce1 fxe4 22. Bxe4 Rxf1+ 23. Kxf1 Nf6 24. Bf3 1/2-1/2

[Event "Oberliga Ost-B 1213"]
[Site "Germany"]
[Date "2013.04.13"]
[Round "10.7"]
[White "Konrad, Lutz"]
[Black "Czech, Ludwig"]
[Result "1/2-1/2"]
[WhiteElo "2193"]
[BlackElo "2079"]
[PlyCount "79"]
[EventDate "2012.09.30"]
[EventType "team-tourn"]
[EventRounds "11"]
[EventCountry "GER"]
[SourceTitle "EXT 2014"]
[Source "ChessBase"]
[SourceDate "2013.11.20"]
[SourceVersion "1"]
[SourceVersionDate "2013.11.20"]
[SourceQuality "1"]
[WhiteTeam "Giessen"]
[BlackTeam "Offenbach"]
[WhiteTeamCountry "GER"]
[BlackTeamCountry "GER"]

1. d4 f5 2. Bg5 c6 3. c4 d6 4. e3 Nd7 5. Bd3 g6 6. Nf3 Bg7 7. Nc3 Ngf6 8. Qe2 0-0 9. Rd1 Qa5 10. 0-0 e5 11. dxe5 dxe5 12. Bc2 e4 13. Nd4 Nc5 14. Bf4 Ne8 15. Rb1 Ne6 16. Nxe6 Bxe6 17. Na4 Qb4 18. b3 a6 19. c5 Rd8 20. Rfd1 Rd5 21. h3 Rf7 22. Rxd5 Bxd5 23. Rd1 Bf8 24. Be5 Qb5 25. Qd2 Bxc5 26. Nc3 Bb4 27. Qxd5 Qxd5 28. Nxd5 cxd5 29. Rxd5 Kf8 30. f3 exf3 31. gxf3 Ke7 32. Bd3 Nf6 33. Bxf6+ Rxf6 34. a4 Rd6 35. Bc4 Rxd5 36. Bxd5 b6 37. Kf2 Bc5 38. f4 a5 39. Kf3 Kf6 40. e4 1/2-1/2

[Event "Oberliga Ost-B 1213"]
[Site "Germany"]
[Date "2013.01.13"]
[Round "5.7"]
[White "Lorenz, Nicole"]
[Black "Czech, Ludwig"]
[Result "1/2-1/2"]
[WhiteElo "1900"]
[BlackElo "2079"]
[PlyCount "55"]
[EventDate "2012.09.30"]
[EventType "team-tourn"]
[EventRounds "11"]
[EventCountry "GER"]
[SourceTitle "EXT 2014"]
[Source "ChessBase"]
[SourceDate "2013.11.20"]
[SourceVersion "1"]
[SourceVersionDate "2013.11.20"]
[SourceQuality "1"]
[WhiteTeam "Jena Schott"]
[BlackTeam "Offenbach"]
[WhiteTeamCountry "GER"]
[BlackTeamCountry "GER"]

1. e4 e6 2. d4 d5 3. Nc3 dxe4 4. Nxe4 Bd7 5. Bg5 Be7 6. Bxe7 Qxe7 7. c3 Bc6 8. Ng3 Nd7 9. Nf3 Ngf6 10. Bd3 0-0 11. 0-0 Rfd8 12. Re1 b6 13. Qe2 Nd5 14. Ne5 Nxe5 15. Qxe5 Qf6 16. Qxf6 Nxf6 17. Rad1 Kf8 18. f3 h6 19. Ne4 Nxe4 20. Bxe4 Bxe4 21. fxe4 Rd7 22. Rd2 Rad8 23. Red1 c5 24. d5 Ke7 25. c4 e5 26. a4 a5 27. Rf2 Rf8 28. Rdf1 1/2-1/2

[Event "Frankfurt-chA"]
[Site "Frankfurt"]
[Date "2012.06.11"]
[Round "6"]
[White "Czech, Ludwig"]
[Black "Rolf, Marco"]
[Result "1/2-1/2"]
[WhiteElo "1961"]
[BlackElo "1737"]
[PlyCount "70"]
[EventDate "2012.04.30"]
[EventType "swiss"]
[EventRounds "7"]
[EventCountry "GER"]
[SourceTitle "EXT 2013"]
[Source "ChessBase"]
[SourceDate "2012.11.22"]
[SourceVersion "1"]
[SourceVersionDate "2012.11.22"]
[SourceQuality "1"]

1. c4 d5 2. cxd5 Nf6 3. Nc3 Nxd5 4. g3 g6 5. Bg2 Nxc3 6. bxc3 Bg7 7. Nf3 0-0 8. 0-0 c5 9. Qc2 Nc6 10. Rb1 Qc7 11. d3 b6 12. Bg5 Bb7 13. a3 c4 14. d4 Na5 15. e4 f5 16. Nd2 e5 17. exf5 Bxg2 18. Kxg2 Rxf5 19. Be3 Raf8 20. d5 Qd7 21. Qe4 Rh5 22. h4 Nb7 23. Nxc4 Nc5 24. Bxc5 Rf4 25. Qd3 e4 26. Qe3 Rhxh4 27. Rh1 Rf3 28. Rxh4 Rxe3 29. Bxe3 Qxd5 30. Nd2 Bxc3 31. Rd1 h5 32. Rhh1 Qf5 33. f4 exf3+ 34. Nxf3 Qe4 35. Bf2 g5 1/2-1/2

[Event "Main Vogelsberg op 7th"]
[Site "Hanau"]
[Date "2012.06.08"]
[Round "3"]
[White "Czech, Ludwig"]
[Black "Diez, Gerhard"]
[Result "1/2-1/2"]
[WhiteElo "2084"]
[BlackElo "2029"]
[PlyCount "82"]
[EventDate "2012.06.07"]
[EventType "swiss"]
[EventRounds "7"]
[EventCountry "GER"]
[SourceTitle "EXT 2013"]
[Source "ChessBase"]
[SourceDate "2012.11.22"]
[SourceVersion "1"]
[SourceVersionDate "2012.11.22"]
[SourceQuality "1"]

1. c4 e5 2. g3 Nf6 3. Bg2 d5 4. cxd5 Nxd5 5. Nf3 Nc6 6. 0-0 Nb6 7. Nc3 Be7 8. a3 0-0 9. b4 Re8 10. d3 Bf8 11. Rb1 f6 12. Nd2 Nd4 13. Nc4 Nxc4 14. dxc4 a5 15. e3 axb4 16. axb4 Ne6 17. Qb3 Qe7 18. Rd1 Qf7 19. c5 f5 20. f4 e4 21. Bf1 g5 22. Bc4 gxf4 23. exf4 Bg7 24. Be3 Kh8 25. Rd2 Qf6 26. Ne2 h5 27. Nd4 Qg6 28. Qd1 h4 29. Rg2 h3 30. Rd2 Ra3 31. Rb3 Ra8 32. Be2 Nxd4 33. Bxd4 Bxd4+ 34. Rxd4 Be6 35. Re3 Qf6 36. Bf1 Qh6 37. Rd2 Rg8 38. Kh1 Kh7 39. Re1 Kh8 40. Re3 Kh7 41. Re1 Kh8 1/2-1/2

[Event "Frankfurt-chA"]
[Site "Frankfurt"]
[Date "2012.05.14"]
[Round "3"]
[White "Minor, Samuel"]
[Black "Czech, Ludwig"]
[Result "1-0"]
[WhiteElo "2177"]
[BlackElo "1961"]
[PlyCount "95"]
[EventDate "2012.04.30"]
[EventType "swiss"]
[EventRounds "7"]
[EventCountry "GER"]
[SourceTitle "EXT 2013"]
[Source "ChessBase"]
[SourceDate "2012.11.22"]
[SourceVersion "1"]
[SourceVersionDate "2012.11.22"]
[SourceQuality "1"]

1. e4 e6 2. d3 d5 3. Qe2 dxe4 4. dxe4 b6 5. Nd2 Ba6 6. Nc4 Nf6 7. Nf3 Be7 8. c3 Bxc4 9. Qxc4 0-0 10. Bf4 c6 11. Rd1 Qc8 12. Bd3 b5 13. Qd4 Rd8 14. Qe3 Nbd7 15. 0-0 Nf8 16. Qe2 Ng6 17. Bg5 Qc7 18. g3 e5 19. h4 h6 20. Be3 Nf8 21. Kg2 Rd7 22. a4 a6 23. Ra1 Rad8 24. Bc2 Ng4 25. Bc1 Ne6 26. b4 c5 27. Bb3 c4 28. Bc2 Nf8 29. h5 Nf6 30. Nh4 N6h7 31. Nf5 Bf6 32. Qg4 Kh8 33. Ne3 Qc6 34. Nd5 Bg5 35. f4 Rxd5 36. exd5 Qxd5+ 37. Qf3 exf4 38. Qxd5 Rxd5 39. Bxf4 Bf6 40. axb5 axb5 41. Ra8 Rd8 42. Rxd8 Bxd8 43. Ra1 Ne6 44. Ra8 Nhf8 45. Bd6 Kg8 46. Bf5 g6 47. Bxe6 Nxe6 48. Be7 1-0

[Event "Frankfurt-chA"]
[Site "Frankfurt"]
[Date "2012.05.08"]
[Round "2"]
[White "Czech, Ludwig"]
[Black "Lehmann, Gerit"]
[Result "1-0"]
[WhiteElo "1961"]
[BlackElo "1407"]
[PlyCount "63"]
[EventDate "2012.04.30"]
[EventType "swiss"]
[EventRounds "7"]
[EventCountry "GER"]
[SourceTitle "EXT 2013"]
[Source "ChessBase"]
[SourceDate "2012.11.22"]
[SourceVersion "1"]
[SourceVersionDate "2012.11.22"]
[SourceQuality "1"]

1. c4 Nf6 2. g3 e5 3. Bg2 c6 4. Nf3 e4 5. Nd4 d5 6. cxd5 cxd5 7. 0-0 Qb6 8. Nc2 Nc6 9. b3 Bc5 10. Nc3 Bd6 11. Bb2 0-0 12. d3 exd3 13. Qxd3 Nb4 14. Nxb4 Bxb4 15. Nxd5 Nxd5 16. Qxd5 Qe6 17. Qd4 Qf6 18. Qxf6 gxf6 19. Bxf6 Bg4 20. Bxb7 Bxe2 21. Bxa8 Bxf1 22. Kxf1 Rxa8 23. Rc1 Ba3 24. Rc4 Kf8 25. Rh4 Kg8 26. Rg4+ Kf8 27. Bg7+ Ke7 28. Re4+ Kd7 29. Rh4 Rc8 30. Rxh7 Rc1+ 31. Kg2 Rc2 32. Bd4 1-0

[Event "Hessen-chA"]
[Site "Offenbach"]
[Date "2012.04.07"]
[Round "7"]
[White "Trumpp, Lothar"]
[Black "Czech, Ludwig"]
[Result "0-1"]
[WhiteElo "2049"]
[BlackElo "2110"]
[PlyCount "114"]
[EventDate "2012.04.05"]
[EventType "swiss"]
[EventRounds "7"]
[EventCountry "GER"]
[SourceTitle "EXT 2013"]
[Source "ChessBase"]
[SourceDate "2012.11.22"]
[SourceVersion "1"]
[SourceVersionDate "2012.11.22"]
[SourceQuality "1"]

1. b3 d5 2. Bb2 Qd6 3. Nf3 f6 4. d4 Bg4 5. Nbd2 Nd7 6. a4 c6 7. a5 Nh6 8. h3 Bxf3 9. Nxf3 Nf7 10. e3 e6 11. Be2 Qc7 12. c3 Be7 13. 0-0 0-0 14. Ba3 Bxa3 15. Rxa3 Nd6 16. Qc2 Rfe8 17. Bd3 Nf8 18. c4 Qe7 19. c5 Nb5 20. Bxb5 cxb5 21. Ra2 a6 22. Re1 f5 23. Ne5 Nd7 24. Nd3 Nb8 25. Qe2 Nc6 26. Qf3 Qd8 27. Rea1 Rc8 28. b4 Rc7 29. Rb2 Qf6 30. Rd1 g5 31. g3 Rg7 32. Kf1 Kf7 33. Qh5+ Ke7 34. Ke2 Rh8 35. Kd2 Rg6 36. Qf3 h5 37. Kc3 Kd8 38. Rh1 h4 39. Rbb1 Kc8 40. Rbg1 e5 41. dxe5 Nxe5 42. Nxe5 Qxe5+ 43. Kc2 hxg3 44. fxg3 Re6 45. Re1 Rhe8 46. h4 g4 47. Qg2 d4 48. exd4 Qxd4 49. Rxe6 Rxe6 50. Qf1 Qd5 51. Kb2 Re3 52. Rh2 Rxg3 53. Kc1 Qe4 54. Rb2 Rc3+ 55. Kd1 Rg3 56. Rc2 Rh3 57. Kd2 Rh2+ 0-1

[Event "Hessen-chA"]
[Site "Offenbach"]
[Date "2012.04.06"]
[Round "6"]
[White "Czech, Ludwig"]
[Black "Werner, Bernd Michael"]
[Result "0-1"]
[WhiteElo "2110"]
[BlackElo "2080"]
[PlyCount "114"]
[EventDate "2012.04.05"]
[EventType "swiss"]
[EventRounds "7"]
[EventCountry "GER"]
[SourceTitle "EXT 2013"]
[Source "ChessBase"]
[SourceDate "2012.11.22"]
[SourceVersion "1"]
[SourceVersionDate "2012.11.22"]
[SourceQuality "1"]

1. c4 Nf6 2. g3 g6 3. Bg2 Bg7 4. Nc3 d6 5. e4 e5 6. Nge2 0-0 7. 0-0 Be6 8. d3 c6 9. h3 Ne8 10. Be3 h6 11. Qd2 Kh7 12. b3 Qd7 13. Kh2 c5 14. f4 Nc6 15. fxe5 Nxe5 16. d4 cxd4 17. Nxd4 Nc7 18. Rad1 Nc6 19. Nce2 Rfd8 20. Nxc6 bxc6 21. Bd4 Be5 22. Nf4 Qe7 23. Nxe6 Nxe6 24. Bxe5 dxe5 25. Qf2 Rxd1 26. Rxd1 Rd8 27. Rf1 Rd7 28. h4 Nd4 29. Bh3 Rc7 30. Qd2 c5 31. Kg2 Qd6 32. Qa5 Kg7 33. Qd2 Qc6 34. Qd3 f5 35. Re1 Rf7 36. Kh2 f4 37. Rf1 fxg3+ 38. Kxg3 Rxf1 39. Bxf1 Qf6 40. Bg2 g5 41. hxg5 hxg5 42. Qf1 Qf4+ 43. Qxf4 gxf4+ 44. Kf2 Kf6 45. Bf1 a5 46. Bd3 Kg5 47. Bf1 Kg4 48. Bd3 f3 49. Bb1 Kf4 50. Bd3 Ne6 51. a3 Nd4 52. b4 axb4 53. axb4 cxb4 54. c5 b3 55. Bb1 Nc6 56. Bd3 Nb4 57. Bb1 b2 0-1

[Event "Hessen-chA"]
[Site "Offenbach"]
[Date "2012.04.05"]
[Round "3"]
[White "Czech, Ludwig"]
[Black "Henrich, David"]
[Result "1-0"]
[WhiteElo "2110"]
[BlackElo "1789"]
[PlyCount "172"]
[EventDate "2012.04.05"]
[EventType "swiss"]
[EventRounds "7"]
[EventCountry "GER"]
[SourceTitle "EXT 2013"]
[Source "ChessBase"]
[SourceDate "2012.11.22"]
[SourceVersion "1"]
[SourceVersionDate "2012.11.22"]
[SourceQuality "1"]

1. c4 e5 2. g3 Nf6 3. Bg2 Nc6 4. Nc3 Bc5 5. a3 a5 6. e3 0-0 7. Nge2 Re8 8. d3 d6 9. 0-0 Bb6 10. b3 Ne7 11. Na4 Ba7 12. Bd2 c6 13. Rc1 Bf5 14. e4 Bg4 15. Kh1 Bb8 16. Bg5 Nd7 17. f3 Be6 18. Be3 c5 19. Nac3 f6 20. f4 Nc6 21. Nd5 Nd4 22. f5 Bxd5 23. exd5 Nxe2 24. Qxe2 Qe7 25. Be4 Bc7 26. Qc2 b6 27. Rb1 Reb8 28. a4 Qf7 29. g4 h6 30. Rf3 Kf8 31. Rg1 Ke7 32. Kg2 Rh8 33. Kf1 Rag8 34. h4 Qe8 35. Qf2 Qf7 36. Ke1 Qe8 37. Rfg3 Qf7 38. Qg2 Qf8 39. Qf2 Qf7 40. R1g2 Qf8 41. Qg1 Bd8 42. g5 hxg5 43. hxg5 Kf7 44. Bf3 Be7 45. Rh2 Rxh2 46. Qxh2 Ke8 47. g6 Rh8 48. Rh3 Rxh3 49. Qxh3 Qg8 50. Qh7 Kf8 51. Bh5 Nb8 52. Kd2 Na6 53. Kc2 Nb8 54. Kb2 Na6 55. Be2 Nb4 56. Qh4 Bd8 57. Bd2 Bc7 58. Qh3 Bd8 59. Bf1 Bc7 60. Bg2 Bd8 61. Be4 Bc7 62. Qh7 Bd8 63. Qh1 Bc7 64. Qh4 Bd8 65. Be1 Bc7 66. Kc3 Bd8 67. Bd2 Bc7 68. Be3 Bd8 69. Qh7 Be7 70. Bd2 Bd8 71. Kb2 Be7 72. Be3 Bd8 73. Qh1 Bc7 74. Bd2 Bd8 75. Qh7 Be7 76. Be1 Bd8 77. Bh4 Be7 78. Qh5 Bd8 79. Bf2 Be7 80. Qh1 Bd8 81. Be3 Be7 82. Bc1 Bd8 83. Qh2 Be7 84. Qh3 Bd8 85. Qh7 Be7 86. Qh5 Bd8 1-0

[Event "Hessen-chA"]
[Site "Offenbach"]
[Date "2012.04.05"]
[Round "1"]
[White "Czech, Ludwig"]
[Black "Kolker, Vladislav"]
[Result "0-1"]
[WhiteElo "2110"]
[BlackElo "2045"]
[PlyCount "58"]
[EventDate "2012.04.05"]
[EventType "swiss"]
[EventRounds "7"]
[EventCountry "GER"]
[SourceTitle "EXT 2013"]
[Source "ChessBase"]
[SourceDate "2012.11.22"]
[SourceVersion "1"]
[SourceVersionDate "2012.11.22"]
[SourceQuality "1"]

1. c4 Nf6 2. g3 g6 3. Bg2 Bg7 4. Nc3 0-0 5. e4 d6 6. Nge2 Nc6 7. 0-0 e5 8. d3 Be6 9. Nd5 Qd7 10. Bg5 Nh5 11. Qd2 f5 12. exf5 Bxf5 13. Rad1 Rae8 14. b4 Nd8 15. d4 e4 16. Ne3 Bh3 17. Bxd8 Rxd8 18. d5 Bxg2 19. Nxg2 Rf3 20. Ne1 Rdf8 21. Ng2 Qf7 22. Nc1 Be5 23. Qe2 g5 24. Qxe4 Rxf2 25. Nf4 Rxf1+ 26. Rxf1 gxf4 27. Nd3 Qg6 28. Qf3 Rf7 29. Kh1 fxg3 0-1

[Event "Frankfurt-ch"]
[Site "Frankfurt"]
[Date "2011.06.14"]
[Round "7"]
[White "Seickel, Ralf"]
[Black "Czech, Ludwig"]
[Result "0-1"]
[WhiteElo "1898"]
[BlackElo "2137"]
[PlyCount "94"]
[EventDate "2011.05.02"]
[EventType "swiss"]
[EventRounds "7"]
[EventCountry "GER"]
[SourceTitle "EXT 2012"]
[Source "ChessBase"]
[SourceDate "2011.11.24"]
[SourceVersion "1"]
[SourceVersionDate "2011.11.24"]
[SourceQuality "1"]

1. d4 e6 2. c4 f5 3. g3 Nf6 4. Bg2 d5 5. Nf3 c6 6. 0-0 Bd6 7. b3 Qe7 8. Bf4 Nbd7 9. Nc3 0-0 10. Qc2 Ne4 11. Bxd6 Qxd6 12. Rad1 b6 13. Nd2 Ba6 14. Ncxe4 dxe4 15. Nb1 Rad8 16. Nc3 Nf6 17. f3 exf3 18. Bxf3 Bb7 19. Kh1 g6 20. e4 Ng4 21. Qe2 Nh6 22. Qd2 Nf7 23. Rfe1 Ne5 24. Bg2 Nf7 25. e5 Qe7 26. Qe3 Rfe8 27. h4 Kg7 28. d5 cxd5 29. cxd5 exd5 30. e6 d4 31. Rxd4 Bxg2+ 32. Kxg2 Qb7+ 33. Kg1 Rxe6 34. Qxe6 Rxd4 35. Qe3 Qd7 36. Ne2 Rd3 37. Qf4 Qd5 38. Qc7 Re3 39. h5 Qf3 40. h6+ Kxh6 41. Qxf7 Rxe2 42. Qf8+ Kh5 43. Rxe2 Qxe2 44. Qg7 Kg4 45. Qxh7 Qe1+ 46. Kg2 Qxg3+ 47. Kf1 Qh3+ 0-1

[Event "Frankfurt-ch"]
[Site "Frankfurt"]
[Date "2011.06.06"]
[Round "6"]
[White "Czech, Ludwig"]
[Black "Gutacker, Stephan"]
[Result "1-0"]
[WhiteElo "2137"]
[BlackElo "1949"]
[PlyCount "120"]
[EventDate "2011.05.02"]
[EventType "swiss"]
[EventRounds "7"]
[EventCountry "GER"]
[SourceTitle "EXT 2012"]
[Source "ChessBase"]
[SourceDate "2011.11.24"]
[SourceVersion "1"]
[SourceVersionDate "2011.11.24"]
[SourceQuality "1"]

1. c4 Nf6 2. g3 e6 3. Nf3 d5 4. Bg2 c6 5. b3 Bd6 6. Bb2 Nbd7 7. 0-0 0-0 8. d4 Re8 9. e3 e5 10. dxe5 Nxe5 11. Nxe5 Bxe5 12. Bxe5 Rxe5 13. cxd5 cxd5 14. Qd4 Re7 15. Nc3 Be6 16. Rac1 Rc7 17. Ne2 a6 18. Qb6 Rxc1 19. Qxd8+ Rxd8 20. Rxc1 Rc8 21. Rxc8+ Bxc8 22. Nc3 Be6 23. Kf1 Kf8 24. Ke2 Ke7 25. h3 Kd6 26. Kd3 Kc5 27. a3 a5 28. Na4+ Kd6 29. Nc3 Kc5 30. Na4+ Kd6 31. Kc3 Kc6 32. Nb2 b5 33. b4 a4 34. Kd4 Bf5 35. Nd1 Bc2 36. Nc3 Bb3 37. f4 Bc4 38. g4 h6 39. g5 hxg5 40. fxg5 Ne4 41. Nxe4 dxe4 42. Bxe4+ Kd6 43. h4 g6 44. Bc2 Ke6 45. e4 Be2 46. Bd3 Bxd3 47. Kxd3 f5 48. Ke3 Ke5 49. exf5 Kxf5 50. Kf3 Ke5 51. Kg4 Kd4 52. h5 gxh5+ 53. Kxh5 Kc3 54. g6 Kb3 55. g7 Kxa3 56. g8Q Kxb4 57. Qa2 a3 58. Kg4 Ka4 59. Kf4 b4 60. Ke3 b3 1-0

[Event "Frankfurt-ch"]
[Site "Frankfurt"]
[Date "2011.05.23"]
[Round "4"]
[White "Faqiry, Ramat"]
[Black "Czech, Ludwig"]
[Result "1/2-1/2"]
[WhiteElo "1977"]
[BlackElo "2137"]
[PlyCount "100"]
[EventDate "2011.05.02"]
[EventType "swiss"]
[EventRounds "7"]
[EventCountry "GER"]
[SourceTitle "EXT 2012"]
[Source "ChessBase"]
[SourceDate "2011.11.24"]
[SourceVersion "1"]
[SourceVersionDate "2011.11.24"]
[SourceQuality "1"]

1. c4 f5 2. g3 Nf6 3. Bg2 g6 4. Nf3 Bg7 5. 0-0 0-0 6. d4 d6 7. b3 e6 8. Bb2 Qe7 9. Nbd2 Nc6 10. Re1 Ne4 11. e3 Nb4 12. Qb1 Nxd2 13. Nxd2 e5 14. a3 Nc6 15. d5 Nd8 16. Qc2 b6 17. b4 Nb7 18. Nb3 a5 19. Rac1 Bd7 20. Nd2 Ra7 21. Nb1 axb4 22. axb4 Ba4 23. Qd2 Rfa8 24. Nc3 Bd7 25. Ra1 Qe8 26. Rxa7 Rxa7 27. Ra1 Qa8 28. Qc1 Kf8 29. Rxa7 Qxa7 30. Qa1 Qxa1+ 31. Bxa1 Ke7 32. Bb2 Kd8 33. Bf3 Kc8 34. h4 Nd8 35. Bd1 Nf7 36. Kg2 e4 37. Bb3 Kd8 38. Nd1 Ne5 39. Bxe5 Bxe5 40. b5 Ke7 41. f4 exf3+ 42. Kxf3 h6 43. Nf2 Kf6 44. Nd3 g5 45. hxg5+ hxg5 46. Nb4 Ke7 47. Na6 Kd8 48. Nb4 Bc3 49. Nc6+ Ke8 50. Bc2 Bc8 1/2-1/2

[Event "Frankfurt-ch"]
[Site "Frankfurt"]
[Date "2010.06.14"]
[Round "7"]
[White "Czech, Ludwig"]
[Black "Wolff, Juergen"]
[Result "1-0"]
[WhiteElo "2160"]
[BlackElo "1696"]
[PlyCount "93"]
[EventDate "2010.04.26"]
[EventType "swiss"]
[EventRounds "7"]
[EventCountry "GER"]
[SourceTitle "EXT 2011"]
[Source "ChessBase"]
[SourceDate "2010.11.26"]
[SourceVersion "1"]
[SourceVersionDate "2010.11.26"]
[SourceQuality "1"]

1. c4 c5 2. g3 g6 3. Bg2 Bg7 4. Nc3 Nc6 5. a3 a5 6. e4 e5 7. Nge2 Nge7 8. 0-0 0-0 9. d3 d6 10. Rb1 Be6 11. Nd5 Rb8 12. a4 Nb4 13. Bg5 f6 14. Nxe7+ Qxe7 15. Be3 Nc6 16. Qd2 Qd7 17. b3 Rf7 18. f4 Rbf8 19. Rf2 Kh8 20. Rbf1 f5 21. Kh1 b6 22. Re1 Nb4 23. Nc3 Qd8 24. Nd5 Nxd5 25. exd5 Bc8 26. fxe5 dxe5 27. Ref1 Qd6 28. Qc1 Bf6 29. Bh6 Re8 30. Bd2 Kg7 31. Bh6+ Kh8 32. Bd2 Kg7 33. Bh6+ Kh8 34. Be3 Bb7 35. Bd2 Kg7 36. Bh6+ Kh8 37. Be3 Kg7 38. Re1 Bd8 39. d4 Bf6 40. dxe5 Bxe5 41. Bd2 Rfe7 42. Rfe2 Kg8 43. Bg5 Bf6 44. Rxe7 Rxe7 45. Bf4 Be5 46. Qe3 Kf7 47. Bxe5 1-0

[Event "Frankfurt-ch"]
[Site "Frankfurt"]
[Date "2010.05.17"]
[Round "4"]
[White "Biegel, Thomas"]
[Black "Czech, Ludwig"]
[Result "0-1"]
[WhiteElo "2021"]
[BlackElo "2160"]
[PlyCount "68"]
[EventDate "2010.04.26"]
[EventType "swiss"]
[EventRounds "7"]
[EventCountry "GER"]
[SourceTitle "EXT 2011"]
[Source "ChessBase"]
[SourceDate "2010.11.26"]
[SourceVersion "1"]
[SourceVersionDate "2010.11.26"]
[SourceQuality "1"]

1. d4 f5 2. Nf3 Nf6 3. Bg5 d5 4. Bxf6 exf6 5. e3 Be6 6. Nbd2 Qd7 7. g3 a5 8. Bd3 Nc6 9. Bb5 Bd6 10. 0-0 0-0 11. Rc1 Qf7 12. c4 Na7 13. cxd5 Nxb5 14. dxe6 Qxe6 15. Qa4 c6 16. Rfd1 Nc7 17. Qb3 Qxb3 18. Nxb3 Nd5 19. Ne1 Rfc8 20. Nd3 Kf7 21. a3 b6 22. Rc2 Ke7 23. Rdc1 Kd7 24. Kf1 Rc7 25. Ke2 Re8 26. Nd2 Re6 27. Nc4 g5 28. Kf3 Rc8 29. h3 Bc7 30. Nd2 Rce8 31. g4 Nxe3 32. fxe3 Rxe3+ 33. Kf2 Rxd3 34. Nf1 Bf4 0-1

[Event "GER Cup final"]
[Site "Halle"]
[Date "2010.05.14"]
[Round "3"]
[White "Czech, Ludwig"]
[Black "Kartsev, Soel"]
[Result "1/2-1/2"]
[WhiteElo "2160"]
[BlackElo "2197"]
[PlyCount "138"]
[EventDate "2010.05.13"]
[EventType "swiss"]
[EventRounds "5"]
[EventCountry "GER"]
[SourceTitle "CBM 136 Extra"]
[Source "ChessBase"]
[SourceDate "2010.07.02"]
[SourceVersion "2"]
[SourceVersionDate "2010.07.15"]
[SourceQuality "1"]

1. c4 e5 2. g3 c6 3. d4 exd4 4. Qxd4 d5 5. Nf3 Nf6 6. Bg2 Be6 7. cxd5 cxd5 8. 0-0 Nc6 9. Qa4 Bc5 10. Bg5 0-0 11. Nc3 h6 12. Bxf6 Qxf6 13. e4 d4 14. Nd5 Qg6 15. Rac1 Bd6 16. Nxd4 Bxd5 17. exd5 Nxd4 18. Qxd4 f5 19. f4 Rac8 20. Kh1 Rxc1 21. Rxc1 Qf6 22. Qxf6 Rxf6 23. Kg1 g5 24. fxg5 hxg5 25. Rc8+ Kg7 26. Rd8 Bc5+ 27. Kf1 f4 28. Rd7+ Kf8 29. gxf4 Rxf4+ 30. Ke1 Rf2 31. b4 Bb6 32. Bh3 Rxa2 33. Be6 Rxh2 34. Rxb7 Rh4 35. Rf7+ Ke8 36. Rg7 Rxb4 37. Rxg5 Ke7 38. Rg4 Rb2 39. Kd1 Kd6 40. Kc1 Rf2 41. Rc4 Bc5 42. Rc2 Rf3 43. Rc4 a5 44. Kc2 Rg3 45. Rg4 Rf3 46. Rc4 Re3 47. Kd2 Rg3 48. Kc2 Rf3 49. Kb2 Ba3+ 50. Kc2 Bb4 51. Kb2 Be1 52. Kc2 Bg3 53. Kb2 Be5+ 54. Ka2 Bf6 55. Rc6+ Ke5 56. Rc4 Bg5 57. Kb2 Be3 58. Kb3 Bd2+ 59. Kc2 Be1 60. Kb2 Bf2 61. Kc2 Bb6 62. Kb2 Bd4+ 63. Ka2 Rd3 64. Bg8 Rd1 65. Be6 Kd6 66. Kb3 Bc5 67. Kc2 Rg1 68. Rg4 Rf1 69. Kb2 Rf3 1/2-1/2

[Event "Frankfurt-ch"]
[Site "Frankfurt"]
[Date "2010.04.26"]
[Round "1"]
[White "Czech, Ludwig"]
[Black "Mager, Denis"]
[Result "1-0"]
[WhiteElo "2160"]
[BlackElo "1538"]
[PlyCount "111"]
[EventDate "2010.04.26"]
[EventType "swiss"]
[EventRounds "7"]
[EventCountry "GER"]
[SourceTitle "EXT 2011"]
[Source "ChessBase"]
[SourceDate "2010.11.26"]
[SourceVersion "1"]
[SourceVersionDate "2010.11.26"]
[SourceQuality "1"]

1. c4 e5 2. g3 Nf6 3. Bg2 c6 4. Nf3 d6 5. 0-0 Be6 6. b3 Nbd7 7. Bb2 Be7 8. d3 0-0 9. Ng5 Bf5 10. e4 Bg6 11. Nc3 Ne8 12. Nh3 f5 13. f4 fxe4 14. dxe4 Nc7 15. f5 Bf7 16. Qe2 Nb6 17. Rad1 Qe8 18. Bc1 Rd8 19. Be3 Bf6 20. g4 d5 21. cxd5 cxd5 22. Bxb6 axb6 23. Nxd5 Nxd5 24. exd5 Be7 25. Kh1 Bc5 26. Ng5 Qe7 27. Ne6 Bxe6 28. dxe6 Bd4 29. Qe4 Ra8 30. a4 Rab8 31. Rf3 Rfc8 32. Rh3 h6 33. Rf3 Qf6 34. Qb1 Qg5 35. Qe4 Qf6 36. Rff1 Qg5 37. b4 Qe7 38. Rf3 Qf6 39. Qd5 Rd8 40. Qb3 Kh8 41. Rff1 Qg5 42. Qg3 Rdc8 43. h4 Qe7 44. g5 hxg5 45. hxg5 Kg8 46. Qg4 Re8 47. f6 Qxe6 48. f7+ Qxf7 49. Rxf7 Kxf7 50. Bd5+ Ke7 51. Qe6+ Kd8 52. Qd6+ Kc8 53. Rc1+ Bc5 54. Be6+ Rxe6 55. Qxe6+ Kd8 56. bxc5 1-0

[Event "Hessen-ch Gr-B 64th"]
[Site "Bad Vilbel"]
[Date "2010.04.02"]
[Round "5"]
[White "Mueller, Achim"]
[Black "Czech, Ludwig"]
[Result "1/2-1/2"]
[WhiteElo "2156"]
[BlackElo "2160"]
[PlyCount "37"]
[EventDate "2010.03.31"]
[EventType "swiss"]
[EventRounds "7"]
[EventCountry "GER"]
[SourceTitle "EXT 2011"]
[Source "ChessBase"]
[SourceDate "2010.11.26"]
[SourceVersion "1"]
[SourceVersionDate "2010.11.26"]
[SourceQuality "1"]

1. e4 e6 2. d4 d5 3. e5 c5 4. c3 Bd7 5. Nf3 Qb6 6. Bd3 Bb5 7. 0-0 Bxd3 8. Qxd3 Ne7 9. dxc5 Qxc5 10. Be3 Qc7 11. Na3 a6 12. c4 dxc4 13. Nxc4 Nd5 14. Rfd1 Nc6 15. Nb6 Rd8 16. Nxd5 Rxd5 17. Qe4 Rxd1+ 18. Rxd1 Be7 19. a3 1/2-1/2